000
003080000a22001330004500
001
006195
003
MACL
040
_a
MACL
090
_c
13367
_d
13366
245
_a
Faraiz Qadriya
_b
Ismail Kokani Mohd
260
_a
Ganpat Ji Krishna Ji Press Mumbai,
_c
1261
650
_a
Urdu Literature
942
_k
891
_c
Book
999
_c
13294
_d
13294